00431nam a2200145Ia 4500001000900000003000500009008004100014010001100055040000900066100002200075245010000097260006500197300001000262650001300272Para_174CHAP220125s1956 xx 000 0 und d a198692 cCHAP aKusnezov, Nicolas aClaves para la identificación de las hormigas de la fauna argentina /c por Nicolas Kusnezov aBuenos Aires, Arg. :b Ministerio de Agricultura y Ganaderia a56 p. aHormigas